01263cam a2200253 45000010008000000030009000080050017000170080041000340100017000750400028000920410011001200500024001310820013001551000048001682400041002162450345002572600144006023000036007463500011007825000093007935040041008866510029009277000053009563715145BDDh-ASL20231015030130.0710412s1881 e b 000 0 eng  a 79912240  aDLCcDLCdDLCdBDDh-ASL1 aengper00aDS38.6b.M5513 1970 a954bMIT0 aMinhāj Sirāj Jūzjānī,d1193-1266.10aT̤abakāt-i Nāṣirī.lEnglish10aT̤abakāt-i-Nāṣirī, Vol.-1, Part-2 :bA general history of the Muhammadan dynasties of Asia, including Hindustan; from A. H. 194 (810 A.D.) to A.H. 658 (1260 A.D.) and the irruption of the infidel Mughals into Islam / cby Minhāj-ud-dīn, Abū-ʼUmar-i-ʼUs̤mān. Translated from original Persian manuscripts by H. G. Raverty. aNew Delhi,aLondon:bOriental Books Reprint Corp.; exclusively distributed by Munshiram ManoharlalbGilbert and Rivington, c[1970]c1881.  av-1, p-2, 373-760 p. : c22 cm. a150.00 a"First published, 1881, in the Bibliotheca Indica series, by Asiatic Society of Bengal." aIncludes bibliographical references. 0aIslamic EmpirexHistory.1 aRaverty, H. G.q(Henry George),d1825-1906,etr.